000 00391nam a22001337a 4500
020 _a9781138075828
040 _cNUST
082 _a620.82 BOY
100 _a Boy, Guy A.
_998784
245 _aThe Handbook of Human-Machine Interaction: A Human-Centered Design Approach
260 _aBoca Raton:
_bCRC Press,
_c2017.
650 _aHuman-machine systems.NUSTTB2022
_9102878
942 _2ddc
_cBK
999 _c591362
_d591362